Tải trọng và tác động tiêu chuẩn thiết kế

Đã lưu trong:
书目详细资料
企业作者: Bộ Xây dựng
格式: 图书
语言:Undetermined
出版: Hà Nội Xây Dựng 2016
主题:
标签: 添加标签
没有标签, 成为第一个标记此记录!
Thư viện lưu trữ: Trung tâm Học liệu Trường Đại học Cần Thơ
LEADER 00617nam a2200193Ia 4500
001 CTU_227389
008 210402s9999 xx 000 0 und d
020 |c 44000 
082 |a 690.0218 
082 |b B450 
110 |a Bộ Xây dựng 
245 0 |a Tải trọng và tác động tiêu chuẩn thiết kế 
245 0 |c Bộ Xây dựng 
260 |a Hà Nội 
260 |b Xây Dựng 
260 |c 2016 
650 |a Ngành công nghiệp xây dựng,Construction industry 
650 |x Tiêu chuẩn,Standards 
980 |a Trung tâm Học liệu Trường Đại học Cần Thơ